000 01251cac a22003371u 4500
008 090119s1985 xxu||||| |||| 00| f eng d
010 _a89033116
020 _a0385264577
020 _a0385264585 (pbk.)
020 _a9789774241123
020 _a9774241126
040 _beng
082 0 4 _a892.736
_bMAH
_222
100 1 _aMahfouz,Naguib.
240 _abidaya wa nihaya.
_larabic.
245 1 4 _aThe beginning and the end /
_cNaguib Mahfouz ; translated by Ramses Awad ; edited by Mason Rossiter Smith.
260 _aCairo:
_bThe American University in Cairo,
_cc.1985.
300 _a412 p. ;
_c22 cm.
490 _aModern Arabic literature
500 _aEnglish Translation of: bidaya wa nihaya..
500 _aFirst published in Arabic in1949 as bidaya wa nihaya.
650 _2BUEsh
651 _aEgypt
_xFiction
_2BUEsh
653 _bARALIT
_cAugust2015
655 _vreading book
_934232
700 1 _aSmith, Mason Rossiter,
_d1909-
700 1 _aAwad, Ramses
_91797
856 4 2 _3Publisher description
_uhttp://www.loc.gov/catdir/description/random045/89033116.html
856 4 2 _3Contributor biographical information
_uhttp://www.loc.gov/catdir/enhancements/fy0666/89033116-b.html
942 _cBB
_k892.736M2148
_2ddc
999 _c2688
_d2688